Biện pháp nâng cao chất lượng giáo dục hòa nhập trẻ khuyết tật tại trường Tiểu học Hải Vân, TP Đà Nẵng
Cơ sở lý luận về vấn đề. Thực trạng giáo dục hòa nhập trẻ khuyết tật tại trường Tiểu học Hải Vân, TP Đà Nẵng. Biện pháp nâng cao chất lượng giáo dục hòa nhập trẻ khuyết tật tại trường Tiểu học Hải Vân, TP Đà Nẵng
Tallennettuna:
| Päätekijä: | |
|---|---|
| Muut tekijät: | |
| Aineistotyyppi: | Kirja |
| Kieli: | Vietnamese |
| Julkaistu: |
Đại học Đà Nẵng
Trường đại học Sư Phạm
2009
|
| Sarja: | Khóa luận tốt nghiệp đại học. Chuyên ngành: Sư phạm Giáo dục Đặc biệt
|
| Aiheet: | |
| Tagit: |
Lisää tagi
Ei tageja, Lisää ensimmäinen tagi!
|
| Thư viện lưu trữ: | Mạng thư viện Đại học Đà Nẵng |
|---|
| LEADER | 01720nam a2200349 4500 | ||
|---|---|---|---|
| 001 | 000012238 | ||
| 003 | 8531 | ||
| 005 | 20120217080214.0 | ||
| 008 | 120217s2009 viesd | ||
| 041 | |a vie | ||
| 072 | |a Khóa luận tốt nghiệp | ||
| 082 | |a 305.9078 |b NG-P | ||
| 100 | |a Nguyễn, Trường Phi | ||
| 245 | |a Biện pháp nâng cao chất lượng giáo dục hòa nhập trẻ khuyết tật tại trường Tiểu học Hải Vân, TP Đà Nẵng |c Nguyễn, Trường Phi | ||
| 260 | |a Đại học Đà Nẵng |b Trường đại học Sư Phạm |c 2009 | ||
| 300 | |a 79 tr. |c 29 cm | ||
| 490 | |a Khóa luận tốt nghiệp đại học. Chuyên ngành: Sư phạm Giáo dục Đặc biệt | ||
| 500 | |a Tham khảo tr.78 + phụ lục [22 tr. ] | ||
| 520 | |a Cơ sở lý luận về vấn đề. Thực trạng giáo dục hòa nhập trẻ khuyết tật tại trường Tiểu học Hải Vân, TP Đà Nẵng. Biện pháp nâng cao chất lượng giáo dục hòa nhập trẻ khuyết tật tại trường Tiểu học Hải Vân, TP Đà Nẵng | ||
| 653 | |a Khóa luận tốt nghiệp đại học | ||
| 653 | |a Khoa Tâm lý - Giáo dục | ||
| 700 | |a Huỳnh, Thị Thu Hằng |c TS |e Hướng dẫn | ||
| OWN | |a LSP | ||
| AVA | |a UDN50 |b LSP |d 305.9078 NG-P |e available |t Error 5001 Not defined in file expand_doc_bib_avail. |f 1 |g 0 |h N |i 0 |k 1 | ||
| 999 | |a From the UDN01 | ||
| AVA | |a UDN50 |b LSP |d 305.9078 NG-P |e available |t Error 5001 Not defined in file expand_doc_bib_avail. |f 1 |g 0 |h N |i 0 |k 1 | ||
| TYP | |a Monograph | ||
| TYP | |a Printed language | ||
| 980 | |a Mạng thư viện Đại học Đà Nẵng | ||